000 00459nam a2200145Ia 4500
008 100122s9999 xx 000 0 und d
082 _b32872
_a823
100 _aप्रफुल्लदत्त
245 _aमुक्ता आणि मीना
260 _bअभय प्रकाशन
_c1971
300 _a112
630 _aमुक्ता आणि मीना
730 _aमुक्ता आणि मीना
942 _cBOOK
999 _c417192
_d417189